<?xml version="1.0" encoding="UTF-8"?>
<collection xmlns="http://www.loc.gov/MARC21/slim">
 <record>
  <leader>01594nam a2200205Ia 4500</leader>
  <controlfield tag="001">CTU_82310</controlfield>
  <controlfield tag="008">210402s9999    xx            000 0 und d</controlfield>
  <datafield tag="082" ind1=" " ind2=" ">
   <subfield code="a">382</subfield>
  </datafield>
  <datafield tag="082" ind1=" " ind2=" ">
   <subfield code="b">L318</subfield>
  </datafield>
  <datafield tag="100" ind1=" " ind2=" ">
   <subfield code="a">Lary, Hal B.</subfield>
  </datafield>
  <datafield tag="245" ind1=" " ind2="0">
   <subfield code="a">Imports of manufactures from less developed countries</subfield>
  </datafield>
  <datafield tag="245" ind1=" " ind2="0">
   <subfield code="c">Hal B. Lary</subfield>
  </datafield>
  <datafield tag="260" ind1=" " ind2=" ">
   <subfield code="a">New York</subfield>
  </datafield>
  <datafield tag="260" ind1=" " ind2=" ">
   <subfield code="b">National Bereau of Economic Research</subfield>
  </datafield>
  <datafield tag="260" ind1=" " ind2=" ">
   <subfield code="c">1968</subfield>
  </datafield>
  <datafield tag="520" ind1=" " ind2=" ">
   <subfield code="a">A previously widely quoted study by Hal Lary (Imports of Manufactures from: Less Developed Countries) concluded that labour intensity should, under the postulates of the factor-proportions model, be useful for anticipating the future composition of LDC exports. In this paper, we empirically evaluate the utility of labour intensity as such a guide. As a first test recent changes in developing countries' market shares for Lary's labour intensive products are compared with those for other items. With few exceptions, the export performance for labour intensive goods was superior. Overall, the LDCs increased their market share for these products in spite of a generally declining competitive position in world trade. Separate (correlation) tests indicate that a direct relation exists between the degree of labour intensity of individual products and changes in developing countries' market shares. That is, the LDCs made the greatest gains in the most labour intensive products.</subfield>
  </datafield>
  <datafield tag="650" ind1=" " ind2=" ">
   <subfield code="a">Khu vực kém phát triển,Underdeveloped areas</subfield>
  </datafield>
  <datafield tag="650" ind1=" " ind2=" ">
   <subfield code="x">Thương mại,Commerce</subfield>
  </datafield>
  <datafield tag="904" ind1=" " ind2=" ">
   <subfield code="i">Trọng Hải</subfield>
  </datafield>
  <datafield tag="980" ind1=" " ind2=" ">
   <subfield code="a">Trung tâm Học liệu Trường Đại học Cần Thơ</subfield>
  </datafield>
 </record>
</collection>
